Larra y España /

Uloženo v:
Podrobná bibliografie
Hlavní autor: Valera, José Luis (autor)
Médium: Kniha
Jazyk:španělština
Vydáno: Madrid, España : Espasa-Calpe, 1983
Edice:(Espasa Universitaria ; 7)
Témata:
Tagy: Přidat tag
Žádné tagy, Buďte první, kdo vytvoří štítek k tomuto záznamu!

MARC

LEADER 00000nam^a2200000^a^4500
001 000014721
005 20250521000000.0
009 20260310083951.877
037 |a Acervo ITESO - Biblioteca 
041 |a ESP 
082 |a 300.  |b ESP V. 7 
100 |a Valera, José Luis  |e (autor) 
245 1 0 |a Larra y España /  |c J. L. Valera. 
264 1 |a Madrid, España :  |b Espasa-Calpe,  |c 1983 
300 |a 342 p. 
336 |a texto  |b txt  |2 rdacontenido 
337 |a sin mediación  |b n  |2 rdamedio 
338 |a volumen  |b nc  |2 rdasoporte 
440 1 |a (Espasa Universitaria ;  |v 7) 
649 |a XX 
650 |a Literatura Española -  |x Historia y Crítica 
650 |a Novela Española 
910 |a Fondo General 
920 |a Impresos - Libros 
930 |a Colección General 
905 |a 101 
901 |a 0147210100  |b IT1  |c ACC  |i 014721  |u 20250521 
902 |a https://opac.biblio.iteso.mx/vufind/Record/000014721